Представление документа в формате RUSMARC

ПолеНазваниеЗначение
  Тип записи a
  Библиографический уровень m
001 Контрольный номер UONB/MAIN/9256f66fbd0c4fc6b9335f9297937c4a
005 Дата корректировки 20260319142816.7
100 Данные общей обработки __
a Данные общей обработки 20260304a2026 k 0rusy0189 ca
101 Язык документа 0_
a Язык текста rus
102 Страна публикации __
a Страна публикации RU
200 Заглавие и сведения об ответственности 1_
a Заглавие № 2
203 Вид содержания и тип средства __
a Вид содержания Текст
b Характеристика содержания визуальный
c Тип средства электронный
210 Выходные данные 1_
d Дата издания 2026
337 Примечание о системных требованиях (электронные ресурсы) __
a Примечание о системных требованиях (электронные ресурсы) Режим доступа: для авториз. пользователей
461 Уровень набора _0
1 001RU/IS/BASE/299702246
1 011
a 1991-6027
1 2001
a Современное право
e международ. науч.-практ. журнал
f учредитель Изд-во "Новый индекс"
v № 2
1 2101
d 2025
a Москва
1 300
a Ежемес.
1 333
a 16+
1 203
a Текст
c электронный
801 Источник записи _0
a Страна RU
b Организация Ульяновская ОНБ
c Дата составления 20260304
g Правила каталогизации RCR
801 Источник записи _1
a Страна RU
b Организация Ульяновская ОНБ
c Дата составления 20260304
g Правила каталогизации RCR
900 Электронные ресурсы __
a Имя электронного ресурса Обложка из ЭЛД-5005-Современное право 2026 № 2
900 Электронные ресурсы __
a Имя электронного ресурса ЭЛД-5005-Современное право 2026 № 2
900 Электронные ресурсы __
a Имя электронного ресурса Содержание из ЭЛД-5005-Современное право 2026 № 2
901 Тип документа __
t Тип документа s
w Контрольный № источника RU/IS/BASE/299702246
909 Создатель записи __
a Создатель записи Егорова Э. А.
b Дата создания записи 20260304